<?xml version="1.0" encoding="UTF-8"?>
<record
    xmlns:xsi="http://www.w3.org/2001/XMLSchema-instance"
    xsi:schemaLocation="http://www.loc.gov/MARC21/slim http://www.loc.gov/standards/marcxml/schema/MARC21slim.xsd"
    xmlns="http://www.loc.gov/MARC21/slim">

  <leader>03474ncm0a2200421   4500</leader>
  <controlfield tag="001">RU\NLR\ONIZ\214874</controlfield>
  <controlfield tag="005">20250626034826.0</controlfield>
  <datafield tag="013" ind1=" " ind2=" ">
    <subfield code="a">979-0-66000-407-4</subfield>
  </datafield>
  <datafield tag="035" ind1=" " ind2=" ">
    <subfield code="a">(NLR Aleph) 011273489</subfield>
  </datafield>
  <datafield tag="071" ind1="2" ind2="0">
    <subfield code="a">&#x441; 6208 &#x43A;</subfield>
  </datafield>
  <datafield tag="090" ind1=" " ind2=" ">
    <subfield code="a">10831395</subfield>
    <subfield code="c">10831395</subfield>
  </datafield>
  <datafield tag="100" ind1=" " ind2=" ">
    <subfield code="a">20160927d2011    |||y0rusy50      ca</subfield>
  </datafield>
  <datafield tag="101" ind1="0" ind2=" ">
    <subfield code="a">rus</subfield>
  </datafield>
  <datafield tag="102" ind1=" " ind2=" ">
    <subfield code="a">RU</subfield>
  </datafield>
  <datafield tag="125" ind1=" " ind2=" ">
    <subfield code="a">ax</subfield>
  </datafield>
  <datafield tag="200" ind1="1" ind2=" ">
    <subfield code="a">&#x41F;&#x43E;&#x43F;&#x443;&#x43B;&#x44F;&#x440;&#x43D;&#x430;&#x44F; &#x437;&#x430;&#x440;&#x443;&#x431;&#x435;&#x436;&#x43D;&#x430;&#x44F; &#x43C;&#x443;&#x437;&#x44B;&#x43A;&#x430; &#x434;&#x43B;&#x44F; &#x434;&#x435;&#x442;&#x441;&#x43A;&#x43E;&#x433;&#x43E; &#x445;&#x43E;&#x440;&#x430;</subfield>
    <subfield code="b">&#x41D;&#x43E;&#x442;&#x44B;</subfield>
    <subfield code="e">&#x443;&#x447;&#x435;&#x431;. &#x43F;&#x43E;&#x441;&#x43E;&#x431;&#x438;&#x435; &#x434;&#x43B;&#x44F; &#x414;&#x41C;&#x428;</subfield>
    <subfield code="h">&#x412;&#x44B;&#x43F;. 1</subfield>
    <subfield code="f">&#x441;&#x43E;&#x441;&#x442;. &#x418;. &#x412;. &#x420;&#x43E;&#x433;&#x430;&#x43D;&#x43E;&#x432;&#x430;, &#x41E;. &#x412;. &#x420;&#x44B;&#x43A;&#x430;&#x43B;&#x438;&#x43D;&#x430;, &#x41B;. &#x412;. &#x412;&#x430;&#x441;&#x438;&#x43B;&#x44C;&#x435;&#x432;&#x430;</subfield>
    <subfield code="g">&#x43F;&#x440;&#x435;&#x434;&#x438;&#x441;&#x43B;. &#x418;. &#x420;&#x43E;&#x433;&#x430;&#x43D;&#x43E;&#x432;&#x43E;&#x439;</subfield>
  </datafield>
  <datafield tag="210" ind1=" " ind2=" ">
    <subfield code="a">&#x421;&#x430;&#x43D;&#x43A;&#x442;-&#x41F;&#x435;&#x442;&#x435;&#x440;&#x431;&#x443;&#x440;&#x433;</subfield>
    <subfield code="c">&#x41A;&#x43E;&#x43C;&#x43F;&#x43E;&#x437;&#x438;&#x442;&#x43E;&#x440; - &#x421;&#x430;&#x43D;&#x43A;&#x442;-&#x41F;&#x435;&#x442;&#x435;&#x440;&#x431;&#x443;&#x440;&#x433;</subfield>
    <subfield code="d">cop. 2011</subfield>
  </datafield>
  <datafield tag="215" ind1=" " ind2=" ">
    <subfield code="a">55 &#x441;.</subfield>
    <subfield code="d">29 &#x441;&#x43C;</subfield>
  </datafield>
  <datafield tag="225" ind1="1" ind2=" ">
    <subfield code="a">&#x412; &#x43F;&#x43E;&#x43C;&#x43E;&#x449;&#x44C; &#x445;&#x43E;&#x440;&#x43C;&#x435;&#x439;&#x441;&#x442;&#x435;&#x440;&#x443;</subfield>
  </datafield>
  <datafield tag="327" ind1="1" ind2=" ">
    <subfield code="a">1-9. &#x41D;&#x435;&#x433;&#x440;&#x438;&#x442;&#x44F;&#x43D;&#x441;&#x43A;&#x438;&#x435; &#x441;&#x43F;&#x438;&#x440;&#x438;&#x447;&#x443;&#x44D;&#x43B;&#x44B;: &#x41A;&#x430;&#x436;&#x434;&#x44B;&#x439; &#x440;&#x430;&#x437;, &#x43A;&#x43E;&#x433;&#x434;&#x430; &#x44F; &#x447;&#x443;&#x432;&#x441;&#x442;&#x432;&#x443;&#x44E; &#x43F;&#x440;&#x438;&#x441;&#x443;&#x442;&#x441;&#x442;&#x432;&#x438;&#x435; &#x421;&#x432;&#x44F;&#x442;&#x43E;&#x433;&#x43E; &#x414;&#x443;&#x445;&#x430; / &#x43E;&#x431;&#x440;&#x430;&#x431;. &#x41A;.-&#x411;. &#x410;&#x433;&#x43D;&#x435;&#x441;&#x442;&#x438;&#x433;&#x430;; &#x421;&#x442;&#x443;&#x43F;&#x430;&#x439;, &#x41C;&#x43E;&#x438;&#x441;&#x435;&#x439; / &#x43E;&#x431;&#x440;&#x430;&#x431;. &#x41A;.-&#x411;. &#x410;&#x433;&#x43D;&#x435;&#x441;&#x442;&#x438;&#x433;&#x430;; &#x418;&#x438;&#x441;&#x443;&#x441; &#x437;&#x430;&#x432;&#x43E;&#x435;&#x432;&#x430;&#x43B; &#x418;&#x435;&#x440;&#x438;&#x445;&#x43E;&#x43D; / &#x43E;&#x431;&#x440;&#x430;&#x431;. &#x41A;. &#x428;&#x43E;&#x443;; &#x412;&#x43E;&#x439;&#x434;&#x438; &#x432; &#x432;&#x43E;&#x434;&#x443; / &#x43E;&#x431;&#x440;&#x430;&#x431;. &#x42D;. &#x414;&#x430;&#x43D;&#x438;&#x44D;&#x43B;&#x44F;; &#x421;&#x43A;&#x43E;&#x440;&#x43E; &#x437;&#x430;&#x43A;&#x43E;&#x43D;&#x447;&#x430;&#x442;&#x441;&#x44F; &#x43C;&#x43E;&#x438; &#x441;&#x442;&#x440;&#x430;&#x434;&#x430;&#x43D;&#x438;&#x44F; / &#x43E;&#x431;&#x440;&#x430;&#x431;. &#x42D;. &#x414;&#x430;&#x43D;&#x438;&#x44D;&#x43B;&#x44F;; &#x41E; &#x41F;&#x451;&#x442;&#x440;, &#x437;&#x432;&#x43E;&#x43D;&#x438; &#x432; &#x43A;&#x43E;&#x43B;&#x43E;&#x43A;&#x43E;&#x43B;&#x430; / &#x43E;&#x431;&#x440;&#x430;&#x431;. &#x41A;.-&#x411;. &#x410;&#x433;&#x43D;&#x435;&#x441;&#x442;&#x438;&#x433;&#x430;; &#x412;&#x43E;&#x437;&#x44C;&#x43C;&#x438; &#x43C;&#x43E;&#x44E; &#x434;&#x443;&#x448;&#x443; / &#x43E;&#x431;&#x440;&#x430;&#x431;. &#x414;&#x436;. &#x411;&#x430;&#x440;&#x442;&#x435;&#x43B;&#x44C;&#x441;&#x43E;&#x43D;&#x430;; &#x41D;&#x438;&#x43A;&#x442;&#x43E; &#x43D;&#x435; &#x437;&#x43D;&#x430;&#x435;&#x442; &#x43E; &#x43C;&#x43E;&#x438;&#x445; &#x431;&#x435;&#x434;&#x430;&#x445;, &#x43A;&#x440;&#x43E;&#x43C;&#x435; &#x413;&#x43E;&#x441;&#x43F;&#x43E;&#x434;&#x430; / &#x43E;&#x431;&#x440;&#x430;&#x431;. &#x413;. &#x414;&#x443;&#x433;&#x43B;&#x430;&#x441;&#x430;; &#x41C;&#x443;&#x437;&#x44B;&#x43A;&#x430; &#x433;&#x43B;&#x443;&#x431;&#x43E;&#x43A;&#x43E; &#x432; &#x43C;&#x43E;&#x435;&#x439; &#x434;&#x443;&#x448;&#x435; / &#x43E;&#x431;&#x440;&#x430;&#x431;. &#x42D;. &#x425;&#x43E;&#x433;&#x430;&#x43D;&#x430;. 10. &#x412;&#x43E;&#x437;&#x44C;&#x43C;&#x438; &#x43C;&#x43E;&#x44E; &#x434;&#x443;&#x448;&#x443;: &#x43A;&#x430;&#x43D;&#x43E;&#x43D; / &#x43E;&#x431;&#x440;&#x430;&#x431;. &#x41A;.-&#x416;. &#x412;&#x435;&#x440;&#x43D;&#x438;. 11. &#x421;&#x43A;&#x44D;&#x442;-&#x43A;&#x430;&#x43D;&#x43E;&#x43D; / &#x43C;&#x443;&#x437;. &#x438; &#x441;&#x43B;. &#x41A;.-&#x416;. &#x412;&#x435;&#x440;&#x43D;&#x438;. 12. &#x41F;&#x440;&#x435;&#x43B;&#x44E;&#x434;&#x438;&#x44F; &#x432; &#x441;&#x442;&#x438;&#x43B;&#x435; &#x441;&#x432;&#x438;&#x43D;&#x433;: &#x438;&#x437; "Te Deum" / &#x41C;. &#x410;. &#x428;&#x430;&#x440;&#x43F;&#x430;&#x43D;&#x442;&#x44C;&#x435;; &#x442;&#x435;&#x43A;&#x441;&#x442; &#x438; &#x43E;&#x431;&#x440;&#x430;&#x431;. &#x413;. &#x41E;. &#x41C;&#x438;&#x43B;&#x43B;&#x441;&#x431;&#x438;. 13-15. &#x41F;&#x43E;&#x439; &#x432; &#x441;&#x442;&#x438;&#x43B;&#x435; &#x441;&#x432;&#x438;&#x43D;&#x433;: &#x43A;&#x430;&#x43D;&#x43E;&#x43D;; &#x414;&#x430;&#x432;&#x430;&#x439;&#x442;&#x435; &#x43F;&#x435;&#x442;&#x44C; &#x432; &#x441;&#x442;&#x438;&#x43B;&#x435; &#x441;&#x432;&#x438;&#x43D;&#x433;!: &#x43A;&#x430;&#x43D;&#x43E;&#x43D;; &#x41E;&#x431;&#x445;&#x43E;&#x445;&#x43E;&#x447;&#x435;&#x448;&#x44C;&#x441;&#x44F;!: &#x444;&#x443;&#x433;&#x430; &#x441;&#x43C;&#x435;&#x445;&#x430; / &#x43C;&#x443;&#x437;. &#x438; &#x441;&#x43B;. &#x41B;. &#x41C;&#x430;&#x439;&#x435;&#x440;&#x445;&#x43E;&#x444;&#x435;&#x440;&#x430;. 16. &#x41C;&#x443;&#x437;&#x44B;&#x43A;&#x430; - &#x43C;&#x43E;&#x44F; &#x436;&#x438;&#x437;&#x43D;&#x44C; / &#x43E;&#x431;&#x440;&#x430;&#x431;. &#x42D;. &#x411;&#x430;&#x442;&#x43B;&#x435;&#x440;&#x430;. 17. &#x422;&#x440;&#x430;-&#x43B;&#x430;-&#x43B;&#x430; / &#x43C;&#x443;&#x437;. &#x438; &#x441;&#x43B;. &#x41B;. &#x41B;&#x443;&#x43D;&#x434;&#x435;&#x43D;&#x430;. 18. &#x425;&#x430;-&#x445;&#x430;-&#x445;&#x430;: &#x43A;&#x430;&#x43D;&#x43E;&#x43D; / &#x43C;&#x443;&#x437;. &#x438; &#x441;&#x43B;. &#x41B;. &#x41A;&#x435;&#x440;&#x443;&#x431;&#x438;&#x43D;&#x438;; &#x430;&#x43D;&#x433;&#x43B;. &#x442;&#x435;&#x43A;&#x441;&#x442; &#x41B;. &#x41C;&#x430;&#x439;&#x435;&#x440;&#x441;&#x445;&#x43E;&#x444;&#x435;&#x440;&#x430;. 19. &#x414;&#x435;&#x440;&#x435;&#x432;&#x435;&#x43D;&#x441;&#x43A;&#x438;&#x439; &#x43E;&#x440;&#x43A;&#x435;&#x441;&#x442;&#x440; / &#x43C;&#x443;&#x437;. &#x438; &#x441;&#x43B;. &#x412;. &#x410;&#x440;&#x438;&#x43A;&#x43E; &#x416;&#x443;&#x43D;&#x438;&#x43E;&#x440;&#x430;</subfield>
  </datafield>
  <datafield tag="606" ind1="1" ind2=" ">
    <subfield code="a">&#x41F;&#x440;&#x43E;&#x438;&#x437;&#x432;&#x435;&#x434;&#x435;&#x43D;&#x438;&#x44F; &#x434;&#x43B;&#x44F; &#x434;&#x435;&#x442;&#x441;&#x43A;&#x43E;&#x433;&#x43E; &#x445;&#x43E;&#x440;&#x430;</subfield>
    <subfield code="j">&#x41D;&#x43E;&#x442;&#x44B;</subfield>
    <subfield code="2">nlr_sh</subfield>
  </datafield>
  <datafield tag="606" ind1="1" ind2=" ">
    <subfield code="a">&#x421;&#x43F;&#x438;&#x440;&#x438;&#x447;&#x443;&#x44D;&#x43B;&#x441;&#x44B; &#x434;&#x43B;&#x44F; &#x434;&#x435;&#x442;&#x441;&#x43A;&#x43E;&#x433;&#x43E; &#x445;&#x43E;&#x440;&#x430;</subfield>
    <subfield code="j">&#x41D;&#x43E;&#x442;&#x44B;</subfield>
    <subfield code="2">nlr_sh</subfield>
  </datafield>
  <datafield tag="686" ind1=" " ind2=" ">
    <subfield code="a">&#x429;941.8&#x44F;43</subfield>
    <subfield code="v">LBC/SL</subfield>
    <subfield code="2">rubbk</subfield>
  </datafield>
  <datafield tag="686" ind1=" " ind2=" ">
    <subfield code="a">&#x429;99(7&#x421;&#x428;&#x410;)</subfield>
    <subfield code="v">LBC/SL</subfield>
    <subfield code="2">rubbk</subfield>
  </datafield>
  <datafield tag="702" ind1=" " ind2="1">
    <subfield code="9">z01790</subfield>
    <subfield code="a">&#x420;&#x43E;&#x433;&#x430;&#x43D;&#x43E;&#x432;&#x430;</subfield>
    <subfield code="b">&#x418;. &#x412;.</subfield>
    <subfield code="g">&#x418;&#x440;&#x438;&#x43D;&#x430; &#x412;&#x44F;&#x447;&#x435;&#x441;&#x43B;&#x430;&#x432;&#x43E;&#x432;&#x43D;&#x430;</subfield>
    <subfield code="4">220</subfield>
  </datafield>
  <datafield tag="702" ind1=" " ind2="1">
    <subfield code="9">z02790</subfield>
    <subfield code="a">&#x420;&#x44B;&#x43A;&#x430;&#x43B;&#x438;&#x43D;&#x430;</subfield>
    <subfield code="b">&#x41E;. &#x412;.</subfield>
    <subfield code="g">&#x41E;&#x43B;&#x44C;&#x433;&#x430; &#x412;&#x43B;&#x430;&#x434;&#x438;&#x43C;&#x438;&#x440;&#x43E;&#x432;&#x43D;&#x430;</subfield>
    <subfield code="4">220</subfield>
  </datafield>
  <datafield tag="702" ind1=" " ind2="1">
    <subfield code="9">z03790</subfield>
    <subfield code="a">&#x412;&#x430;&#x441;&#x438;&#x43B;&#x44C;&#x435;&#x432;&#x430;</subfield>
    <subfield code="b">&#x41B;. &#x412;.</subfield>
    <subfield code="g">&#x41B;&#x438;&#x43B;&#x438;&#x44F; &#x412;&#x438;&#x43A;&#x442;&#x43E;&#x440;&#x43E;&#x432;&#x43D;&#x430;</subfield>
    <subfield code="4">220</subfield>
  </datafield>
  <datafield tag="790" ind1=" " ind2="1">
    <subfield code="9">z01702</subfield>
    <subfield code="a">Roganova</subfield>
    <subfield code="b">I. V.</subfield>
    <subfield code="g">Irina Vyacheslavovna</subfield>
    <subfield code="4">220</subfield>
  </datafield>
  <datafield tag="790" ind1=" " ind2="1">
    <subfield code="9">z02702</subfield>
    <subfield code="a">Ry'kalina</subfield>
    <subfield code="b">O.</subfield>
    <subfield code="g">Ol'ga</subfield>
    <subfield code="4">220</subfield>
  </datafield>
  <datafield tag="790" ind1=" " ind2="1">
    <subfield code="9">z03702</subfield>
    <subfield code="a">Vasil'eva</subfield>
    <subfield code="b">L.</subfield>
    <subfield code="g">Liliya</subfield>
    <subfield code="4">220</subfield>
  </datafield>
  <datafield tag="801" ind1=" " ind2="0">
    <subfield code="a">RU</subfield>
    <subfield code="b">NLR</subfield>
    <subfield code="c">20160927</subfield>
    <subfield code="g">PSBO</subfield>
  </datafield>
  <datafield tag="801" ind1=" " ind2="1">
    <subfield code="a">RU</subfield>
    <subfield code="b">NLR</subfield>
    <subfield code="c">20160927</subfield>
    <subfield code="2">rusmarc</subfield>
  </datafield>
  <datafield tag="801" ind1=" " ind2="2">
    <subfield code="a">RU</subfield>
    <subfield code="b">NLR</subfield>
    <subfield code="c">20161206</subfield>
  </datafield>
  <datafield tag="852" ind1=" " ind2=" ">
    <subfield code="a">NLR</subfield>
    <subfield code="b">&#x41C;</subfield>
    <subfield code="j">&#x41A;-3/27896(1)</subfield>
    <subfield code="p">258074</subfield>
    <subfield code="t">1</subfield>
  </datafield>
  <datafield tag="942" ind1=" " ind2=" ">
    <subfield code="c">SCORE</subfield>
  </datafield>
  <datafield tag="980" ind1=" " ind2=" ">
    <subfield code="a">NB</subfield>
  </datafield>
  <datafield tag="980" ind1=" " ind2=" ">
    <subfield code="a">ONIZ</subfield>
  </datafield>
  <datafield tag="995" ind1=" " ind2=" ">
    <subfield code="5">2016-09-27</subfield>
    <subfield code="b">NLR01</subfield>
    <subfield code="c">NLR01</subfield>
    <subfield code="e">ONIZ</subfield>
    <subfield code="k">&#x41A;-3/27896(1) &#x41A;-3/27896(1)</subfield>
    <subfield code="o">0</subfield>
    <subfield code="r">SCORE</subfield>
    <subfield code="s">3278961_3278961</subfield>
  </datafield>
</record>
